00739nam a2200205 a 450000100060000000300120000600500170001800800410003503500510007604000390012704100080016608200260017411000610020024501050026126000480036630000190041465000370043365000210047070000420049141862(BD-RJUL) 20211209053449.0160607s1952 enk 000 0 eng d aOCLC ocm12546512 from D951018Ma(BD-RJUL)41980 aDLCcGZDdUKMdEQOd(BD-RJUL)beng aeng a377.2223 bMOR 1952 2 aAssociation for Education in Citizenship (Great Britain)10aMoral foundations of citizenship /cedited by M. Alderton Pink. With a foreword by Sir Arthur Salter aLondon :bUniversity of London Press,c1952 a198 p.,c20 cm 0aCitizenshipxStudy and teaching. 0aMoral education.1 aPink, M. Aldertonq(Maurice Alderton)